000
00236nam a2200097Ia 4500
001
970049
005
20250826220502.0
008
250824s9999 xx 000 0 und d
245
0
_a
İNSAN NEYLE YAŞAR
_c
TOLSTOY
260
_b
PANAMA YAYINLARI
999
_c
970049
_d
970049